000 00311nam a22001457a 4500
008 230913b ||||| |||| 00| 0 eng d
020 _a0226764206
041 _aeng
080 _a521
082 _a521SMI
100 _a19
101 _aASTRO
245 _aTHE SCIENCE OF ENERGY
_cSMITH .C
942 _2udc
_cBK
999 _c60351
_d60351